| 000 | 00465nam a2200181Ia 4500 | ||
|---|---|---|---|
| 001 | 8748 | ||
| 005 | 20260306160632.0 | ||
| 008 | 260306t2003||||xx |||||||||||||| ||spa|| | ||
| 041 | _aESP | ||
| 082 |
_a371.3 _bZ89 |
||
| 100 |
_aZubiría Samper, Julián de _eAUT |
||
| 245 | 0 |
_aDe la escuela nueva al constructivismo : _bun análisis crítico |
|
| 260 | _c2003 | ||
| 300 |
_a238 páginas : _c24 cm. |
||
| 650 | _aGEN | ||
| 654 | _aCED | ||
| 942 |
_cLIB _dJUS _fJUS _2ddc _n |
||
| 999 |
_c8748 _d8748 |
||